000 00329pab a2200145 454500
008 180718b1982 xxu||||| |||| 00| 0 eng d
100 _aSarin, Madhu
245 _aNon-plan settlements in a planned city
260 _c1982
300 _ap.54-93.
362 _aApr-Jun
773 _aNagarlok
908 _aN
909 _a101854
999 _c101852
_d101852